LEADER 02662oam 2200589 c 450 001 9911067906903321 005 20260302090207.0 010 $a3-7815-6210-7 024 3 $a9783781562103 035 $a(CKB)5600000001145893 035 $a(Verlag Julius Klinkhardt)9783781562103 035 $a(EXLCZ)995600000001145893 100 $a20260302d2026 uy 0 101 0 $ager 135 $aurnnunnnannuu 181 $ctxt$2rdacontent 182 $cc$2rdamedia 183 $acr$2rdacarrier 200 10$aLehrperson-Sein als Praxis$eFallrekonstruktionen zu Selbst- und Fremdbildern von Lehrpersonen und ihrem Beruf$fDominique Matthes 205 $a1st ed. 210 $aBad Heilbrunn$cVerlag Julius Klinkhardt$d2026 215 $a1 online resource (221 p.) 225 0 $aDokumentarische Schulforschung 311 08$a3-7815-2748-4 330 $aDas Feld um Lehrpersonen und ihren Beruf wird durch vielfältige Bilder geprägt ? durch Eigendarstellungen von Lehrkräften ebenso wie durch Fremdperspektiven in Bildungspolitik, Schule und Wissenschaft. Hingegen wird bisher kaum zu und mit solchen Bildern geforscht. Die rekonstruktive Studie untersucht diese materialen und mentalen Bilder mithilfe bild- und textbasierter Forschungsinstrumente wie Narrativen Karten, Anwerbepostkarten, Schulleitungsreden, einer Foto-Fallvignette sowie über Interviews. Im Zentrum stehen die impliziten Logiken, die sich in diesen Darstellungen dokumentieren ? und ihre Verhältnissetzung. Die Arbeit eröffnet dabei neue Einblicke in die Konstitution des Lehrer*in-Seins und des Lehrberufs und verbindet praxeologische, bildwissenschaftliche und professionsbezogene Perspektiven. 606 $aLehrperson 606 $aLehrberuf 606 $aLehrer*in 606 $aLehrer*innenbildung 606 $aBild zum Lehrberuf 606 $a(Berufs-)Biografie von Lehrpersonen 606 $aPraxeologische Professionsforschung 606 $aBildforschung 606 $aDokumentarische Schulforschung 606 $aDokumentarische Methode 615 4$aLehrperson 615 4$aLehrberuf 615 4$aLehrer*in 615 4$aLehrer*innenbildung 615 4$aBild zum Lehrberuf 615 4$a(Berufs-)Biografie von Lehrpersonen 615 4$aPraxeologische Professionsforschung 615 4$aBildforschung 615 4$aDokumentarische Schulforschung 615 4$aDokumentarische Methode 700 $aMatthes$b Dominique$4aut$01895895 801 0$bVerlag Julius Klinkhardt 801 1$bVerlag Julius Klinkhardt 906 $aBOOK 912 $a9911067906903321 996 $aLehrperson-Sein als Praxis$94550071 997 $aUNINA